| 000 | 00513nam a2200169Ia 4500 | ||
|---|---|---|---|
| 001 | 21229 | ||
| 003 | IN-NITTTR | ||
| 005 | 20251114233241.0 | ||
| 008 | 251113s9999||||xx |||||||||||||| ||eng|| | ||
| 040 | _beng | ||
| 040 | _cIN-NITTTR | ||
| 041 | _aeng | ||
| 082 | _a338.04 A95 | ||
| 100 | _aLibecap, Gary D. | ||
| 245 | 0 |
_aAdvances in the study of entrepreneurship, innovation, and economic growth : _b a research annual - health care issues and american economic growth. / _cLibecap, Gary D. |
|
| 942 |
_2ddc _cBK |
||
| 999 |
_c23859 _d23859 |
||